| 000 | 00922cam a2200265 4500 | ||
|---|---|---|---|
| 001 | M1436 | ||
| 008 | 090401t1993 xxu||||| |||| 00| 0 eng d | ||
| 035 | _a(Sirsi) u31976 | ||
| 041 | _aeng | ||
| 050 | _a333.33 | ||
| 090 | _aRICS 1993/57A | ||
| 100 | _aNichols, Dinah | ||
| 245 | _aProperty holdings: (paper presented at) RICS Senior Partners Conference, 23 & 24 September 1993. | ||
| 260 | _c1993 | ||
| 300 | _a(11)p. ; 30cm. | ||
| 350 | _a0 | ||
| 520 | _aProperty Holdings was set up within the DoE to provide central strategic management of the Common User Estate in order to meet Government Departments` accommodation requirements economically, effectively and efficiently. | ||
| 650 | _aCOMMON USER ESTATE | ||
| 650 | _aGOVERNMENT BUILDINGS | ||
| 650 | _aPROPERTY HOLDINGS | ||
| 650 | _aRICS SENIOR PARTNERS CONFERENCE | ||
| 690 | _aPROPERTY LAW AND PRACTICE | ||
| 942 | _n0 | ||
| 948 | _c04/03/1997 | ||
| 999 |
_c89653 _d89653 |
||